[Event "Idaho Closed"]
[Site "Twin Falls, ID"]
[Date "2011.02.19"]
[Round "1.13"]
[White "Abernathy, Caleb Patrick"]
[Black "Healy, Michael"]
[Result "1-0"]
[WhiteElo "1609"]
[BlackElo "188"]

1. e4 e5 2. Nf3 Nf6 3. d3 Nc6 4. g3 d6 5. Bg2 g6 6. Bg5 Bg7 7. O-O Be6 8. c3
Qd7 9. Nbd2 Na5 10. b4 Nc6 11. Ne1 Bg4 12. f3 h6 13. Bxf6 Bxf6 14. fxg4 Bg5
15. Nef3 Be3+ 16. Kh1 a6 17. Nb3 O-O 18. d4 Qe7 19. Qe2 Bg5 20. Nxg5 Qxg5 21.
d5 Nd8 22. a4 b6 23. c4 Nb7 24. a5 bxa5 25. Nxa5 Nd8 26. Nc6 Nb7 27. h3 Qd8
28. Nxd8 Nxd8 29. b5 a5 30. Ra3 Nb7 31. Rfa1 Ra7 32. b6 cxb6 33. Qb2 Ra6 34.
Rb3 Nc5 35. Rxb6 Rd8 36. Rxa6 Nxa6 37. Rxa5 Nc5 38. Rxc5 dxc5 39. Qb6 Rd7 40.
d6 Kg7 41. Qc7 Rd8 42. Qxd8 h5 43. d7 hxg4 44. Qe8 g5 45. d8=Q gxh3 46. Qh8+
{#r} 1-0

[Event "Idaho Closed"]
[Site "Twin Falls, ID"]
[Date "2011.02.20"]
[Round "3.9"]
[White "Healy, Michael"]
[Black "Baggett, Jeff M"]
[Result "0-1"]
[WhiteElo "188"]
[BlackElo "1696"]

1. e4 c5 2. Nf3 e6 3. d3 Nc6 4. b3 Nf6 5. Bb2 Be7 6. g3 Qc7 7. Bg2 O-O 8. O-O
d6 9. c4 e5 10. Nc3 a6 11. Qd2 Nd8 12. Nd5 Nxd5 13. exd5 f5 14. Ng5 h6 15. Ne6
Nxe6 16. dxe6 Bxe6 17. Bh3 Qd7 18. Kg2 f4 19. Bxe6+ Qxe6 20. f3 fxg3 21. hxg3
Qg6 22. Rh1 Bg5 23. Qe2 Rf6 24. Qe4 Qxe4 25. dxe4 Rg6 26. Bc1 Bxc1 27. Raxc1
b5 28. g4 bxc4 29. Rxc4 Kf7 30. Rh5 Ke6 31. b4 cxb4 32. Rxb4 Rc8 33. Kg3 Rc6
34. Rf5 Rf6 35. Rb7 Rxf5 36. gxf5+ Kf6 37. Ra7 g6 38. fxg6 Kxg6 39. a4 Rb6 40.
a5 Rc6 41. Ra8 Kf6 42. Kg4 Ke6 43. Kh5 Kd7 44. Ra7+ Rc7 45. Rxa6 Rc3 46. Kg4
h5+ 47. Kxh5 Rxf3 48. Kg5 Rf4 49. Ra7+ Kc6 50. Ra8 Rxe4 51. a6 Rd4 52. Kf5 Kb6
53. a7 Kb7 54. Rd8 Kxa7 55. Ke6 e4 56. Rxd6 Rxd6+ 57. Kxd6 e3 58. Kd7 e2 59.
Kc8 e1=Q 60. Kd7 Kb6 61. Kd6 Qe4 62. Kd7 Qg6 63. Ke7 Kc6 64. Kf8 Qh7 65. Ke8
Kd6 66. Kf8 Ke6 67. Ke8 Qe7# 0-1

[Event "Idaho Closed"]
[Site "Twin Falls, ID"]
[Date "2011.02.20"]
[Round "4.12"]
[White "Buckendorf Jr., Glen"]
[Black "Healy, Michael"]
[Result "1-0"]
[WhiteElo "1800"]
[BlackElo "188"]

1. e4 e5 2. Nf3 Nc6 3. Bb5 Nge7 4. O-O g6 5. Nc3 a6 6. Ba4 b5 7. Bb3 Bh6 8. d4
Bxc1 9. Qxc1 exd4 10. Ne2 d6 11. Qh6 Kd7 12. Bxf7 Nb4 13. c3 d3 14. Ned4 Qf8
15. Qh3+ Kd8 16. Ne6+ Bxe6 17. Qxe6 Nc2 18. Rac1 h5 19. Rfd1 Rh6 20. Rxd3 g5
21. Qb3 g4 22. Ng5 Qh8 23. Rxc2 Qf6 24. Ne6+ Kc8 25. Nd4 Qe5 26. Re3 h4 27.
Be6+ Kd8 28. Bxg4 c5 29. Nf3 Qf6 30. a4 Kc7 31. Re1 Ng6 32. axb5 a5 33. b6+
Kd8 34. Rd2 Ne7 35. Red1 a4 36. Qb5 Nf5 37. exf5 a3 38. bxa3 Rxa3 39. b7 Kc7
40. h3 Rh8 41. Rb1 Rb8 42. Qb6+ Kd7 43. Rbd1 Ke8 44. Rxd6 Qe7 45. Re1 Ra1 46.
Rde6 Rxe1+ 47. Nxe1 Kf8 48. Rxe7 Kg8 49. Qg6+ {#r} 1-0

[Event "Idaho Closed"]
[Site "Twin Falls, ID"]
[Date "2011.02.21"]
[Round "5.12"]
[White "Healy, Michael"]
[Black "Porth, Dylan"]
[Result "1-0"]
[WhiteElo "188"]
[BlackElo "592"]

1. e4 e5 2. Nc3 d6 3. Nf3 Nf6 4. Bc4 Be6 5. Bxe6 fxe6 6. O-O Nc6 7. Nb5 d5 8.
d3 Bc5 9. c3 O-O 10. Bg5 Be7 11. Qe2 dxe4 12. dxe4 Bc5 13. Rad1 Qc8 14. h3 h6
15. Be3 Rd8 16. Bxc5 Nd7 17. Be3 Ne7 18. Qc4 Nb6 19. Bxb6 cxb6 20. Qc7 Qxc7
21. Nxc7 Rac8 22. Nxe6 Rxd1 23. Rxd1 Nc6 24. Rd7 Kh8 25. Rxg7 Rg8 26. Rxb7 Nd8
27. Nxd8 Rxd8 28. Nxe5 Rd1+ 29. Kh2 Re1 30. f3 Rb1 31. Ng6+ Kg8 32. e5 Re1 33.
f4 Rd1 34. f5 Rd8 35. f6 a5 36. Rg7# 1-0

[Event "Idaho Closed"]
[Site "Twin Falls, ID"]
[Date "2011.02.21"]
[Round "6.11"]
[White "Simonson, Jay L"]
[Black "Healy, Michael"]
[Result "1/2-1/2"]
[WhiteElo "565"]
[BlackElo "188"]

1. e4 d6 2. Bc4 e6 3. d4 Nf6 4. Nc3 Nbd7 5. d5 e5 6. Nf3 Qe7 7. O-O Nc5 8. Re1
Ng4 9. h3 Nh6 10. Ng5 a6 11. Nf3 g6 12. Bg5 f6 13. Bh4 Bg7 14. Nh2 Bd7 15. b3
O-O 16. Re3 Kh8 17. Qd2 Qe8 18. Rae1 Ng8 19. a3 b6 20. R1e2 Nh6 21. Nb1 Kg8
22. Qe1 Kh8 23. b4 Nb7 24. Bb3 Bb5 25. c4 Bd7 26. Nc3 a5 27. b5 Nc5 28. Bc2
Kg8 29. Bg3 Kh8 30. Na4 Kg8 31. f4 Qe7 32. f5 g5 {#d} 1/2-1/2

[Event "Lang Invitational #3"]
[Site "Meridian, ID"]
[Date "2011.03.05"]
[Round "1.3"]
[White "Stark, Jim"]
[Black "Healy, Michael"]
[Result "1-0"]
[WhiteElo "1651"]
[BlackElo "382"]

1. d4 d5 2. c4 c6 3. Nf3 Nf6 4. Nc3 g6 5. e3 Bg4 6. h3 Bxf3 7. Qxf3 Bg7 8.
cxd5 cxd5 9. Bb5+ Nc6 10. O-O O-O 11. Bd2 a6 12. Bd3 Qc7 13. Nxd5 Nxd5 14.
Qxd5 Rad8 15. Qb3 Qd6 16. Rad1 Rb8 17. f4 Rfe8 18. Be1 e6 19. Bf2 Qe7 20. Be2
Nb4 21. a3 Nd5 22. g3 Rec8 23. e4 Nf6 24. Bf3 Nd7 25. d5 Nc5 26. Bxc5 Rxc5 27.
d6 Qd7 28. e5 Rb5 29. Qa4 Rd8 30. Be2 Rxb2 31. Qxd7 Rxd7 32. Bf3 Rb3 33. Rb1
Rxb1 34. Rxb1 b5 35. Rc1 Bf8 36. Rc7 Rd8 37. d7 Bc5+ 38. Kg2 Bb6 39. Rb7 Ba5
40. Bc6 Kg7 41. Ra7 h5 42. Rxa6 Bc7 43. Bxb5 Rb8 44. a4 Kf8 45. Ra7 Bb6 46.
Ra6 Ke7 47. Bc6 Bc7 48. a5 Kd8 49. Ra7 Rb2+ 50. Kf1 Rb1+ 51. Ke2 Rb2+ 52. Kd1
Rb8 53. a6 Bb6 54. Rb7 Bc7 55. a7 Ra8 56. Rxc7 Kxc7 57. Bxa8 Kxd7 58. Bg2 Kc7
59. a8=Q Kb6 60. Qf8 h4 {#r} 1-0

[Event "Lang Invitational #3"]
[Site "Meridian, ID"]
[Date "2011.03.05"]
[Round "2.4"]
[White "Lang, Jamie"]
[Black "Healy, Michael"]
[Result "1-0"]
[WhiteElo "1337"]
[BlackElo "382"]

1. e4 Nc6 2. d4 e5 3. d5 Nd4 4. c3 b6 5. cxd4 d6 6. dxe5 dxe5 7. Nf3 Bd6 8.
Bb5+ Bd7 9. Qa4 Nf6 10. Bg5 Qc8 11. Bxf6 gxf6 12. Nc3 a6 13. Bc6 Ra7 14. Nb5
Bxc6 15. dxc6 Ra8 16. Nxd6+ cxd6 17. c7+ Qd7 18. Qc4 b5 19. Qc3 Rg8 20. Rc1
Ke7 21. Nh4 f5 22. Nxf5+ Kf6 23. O-O Rac8 24. Rfd1 d5 25. Rxd5 Qxc7 26. Qxc7
Rxc7 27. Rxc7 Rg4 28. f3 Rg8 29. Ra7 Rc8 30. Rxa6+ Kg5 31. Rxe5 f6 32. Rxb5
Rc1+ 33. Kf2 Rc2+ 34. Kg3 h5 35. Ne3+ f5 36. Rxf5# 1-0

[Event "Lang Invitational #3"]
[Site "Meridian, ID"]
[Date "2011.03.05"]
[Round "4.5"]
[White "Healy, Michael"]
[Black "Longhurst, Corey Kenneth"]
[Result "1/2-1/2"]
[WhiteElo "382"]
[BlackElo "1242"]

1. e4 e5 2. d3 Nf6 3. Nc3 c6 4. Nf3 Qc7 5. g3 d5 6. Bg2 d4 7. Ne2 h6 8. Rb1
Bd6 9. c3 c5 10. Qa4+ Bd7 11. Qc4 Nc6 12. b4 a6 13. bxc5 Be6 14. Qa4 Bxc5 15.
c4 O-O 16. O-O Rab8 17. Ba3 Bxa3 18. Qxa3 b5 19. cxb5 axb5 20. Rbc1 Qb6 21.
Qd6 Nd7 22. Rxc6 Qa5 23. Ra6 Qd8 24. a3 Qf6 25. Kh1 Bg4 26. Qxf6 gxf6 27. Nfg1
Be6 28. Bh3 Bxh3 29. Nxh3 Nc5 30. Rxf6 Kg7 31. Rc6 Nxd3 32. f4 b4 33. axb4
Rxb4 34. Kg1 f6 35. f5 Rfb8 36. Nf2 Nxf2 37. Kxf2 Rb2 38. Rc7+ Kg8 39. Kf3 h5
40. g4 hxg4+ 41. Kf2 d3 42. Re1 Rxe2+ 43. Rxe2 dxe2 44. Kxe2 Rb2+ 45. Kf1 Rxh2
46. Kg1 Rh3 47. Rc6 Kg7 48. Rc7+ Kh6 49. Rf7 Kg5 50. Rg7+ Kf4 51. Kg2 Rh4 52.
Rf7 Rh6 53. Rg7 Kxe4 54. Rg6 Rh5 55. Rxg4+ Kxf5 56. Kf3 Rh3+ 57. Rg3 Rxg3+ 58.
Kxg3 Ke4 59. Kf2 Kd3 60. Ke1 f5 61. Kf2 e4 62. Ke1 f4 63. Kf2 Kd2 64. Kf1 f3
65. Kf2 Kd3 66. Ke1 e3 67. Kf1 Kd2 68. Kg1 e2 69. Kh2 e1=Q 70. Kh3 f2 71. Kh2
f1=Q {#d} 1/2-1/2

[Event "Lang Invitational #4"]
[Site "Meridian, ID"]
[Date "2011.04.30"]
[Round "1.3"]
[White "Healy, Michael"]
[Black "Roland, Jeffrey T"]
[Result "0-1"]
[WhiteElo "382"]
[BlackElo "1700"]

1. e4 e5 2. Nf3 Nf6 3. b3 Nxe4 4. Nxe5 Qf6 5. f3 Qxe5 6. d4 Qa5+ 7. c3 Nf6 8.
Bd2 c6 9. Bd3 d5 10. O-O Be6 11. Qc2 Bd6 12. g3 O-O 13. Bf5 Nbd7 14. Bxe6 fxe6
15. c4 Qc7 16. c5 Bxg3 17. Be1 Bxe1 18. Rxe1 Qf4 19. Qg2 Qxd4+ 20. Qf2 Qxa1
21. Nd2 Qxa2 22. Qe3 Rae8 23. b4 Qc2 24. Ra1 Qg6+ 25. Kf2 Ng4+ 26. Ke2 Nxe3
27. Kxe3 Qh6+ 28. Kd3 Ne5+ 29. Kd4 Qxd2+ 30. Kxe5 Qf4# 0-1

[Event "Lang Invitational #4"]
[Site "Meridian, ID"]
[Date "2011.04.30"]
[Round "3.4"]
[White "Healy, Michael"]
[Black "Patterson, Kevin R"]
[Result "1-0"]
[WhiteElo "382"]
[BlackElo "1243"]

1. e4 c6 2. d3 d5 3. Nc3 e6 4. Nf3 Ne7 5. e5 Nf5 6. d4 Be7 7. Bd3 Nh4 8. Nxh4
Bxh4 9. g3 Bg5 10. Qg4 h6 11. f4 Bxf4 12. Qxg7 Bxg3+ 13. hxg3 Rf8 14. Bxh6 Qe7
15. Bg5 Qc7 16. Rh8 Rxh8 17. Qxh8+ Kd7 18. Na4 Qa5+ 19. Nc3 {#r} 1-0

[Event "Lang Invitational #4"]
[Site "Meridian, ID"]
[Date "2011.04.30"]
[Round "4.3"]
[White "Healy, Michael"]
[Black "Niro III, Frank A"]
[Result "1-0"]
[WhiteElo "382"]
[BlackElo "1700"]

1. e4 c5 2. Bc4 d6 3. Nf3 Nc6 4. a3 Nf6 5. d3 Bg4 6. Nc3 Nd4 7. Bb5+ Nxb5 8.
Nxb5 Qa5+ 9. Nc3 e6 10. O-O Be7 11. Bd2 Qb6 12. Na4 Qc7 13. Qe2 O-O 14. Qe3 a6
15. b3 d5 16. e5 d4 17. Qf4 Bxf3 18. exf6 Bd6 19. Qg5 Bxh2+ 20. Kh1 {#r} 1-0

[Event "ICA Players Mem-Res."]
[Site "Boise, ID"]
[Date "2011.05.14"]
[Round "1.3"]
[White "Lang, Jamie"]
[Black "Healy, Michael"]
[Result "1-0"]
[WhiteElo "1337"]
[BlackElo "382"]

1. e4 c5 2. Nf3 Nf6 3. Nc3 d6 4. d4 Nbd7 5. Bb5 a6 6. Bc4 Nb6 7. Qd3 g6 8.
dxc5 Nxc4 9. Qxc4 Be6 10. Qb4 Qc7 11. cxd6 exd6 12. Bf4 d5 13. Qxf8+ Rxf8 14.
Bxc7 dxe4 15. Ng5 Bf5 16. O-O-O h6 17. Ngxe4 Nxe4 18. Nxe4 Bxe4 19. Rhe1 f5
20. f3 Rc8 21. fxe4 Rxc7 22. exf5+ Kf7 23. fxg6+ Kg7 24. Rf1 Rfc8 25. Rf7+
Rxf7 26. gxf7 Kxf7 27. Rd7+ Ke6 28. Rxb7 Ke5 29. Rb6 Rf8 30. Rxh6 Rf1+ 31. Kd2
Rf2+ 32. Kc3 Rxg2 33. b3 Kd5 34. h4 Rg3+ 35. Kb2 Rh3 36. h5 Rh2 37. Rxa6 Kc5
38. h6 Kb5 39. Rg6 Rh5 40. a3 Rh2 41. a4+ Kb4 42. Rb6+ Ka5 43. Rg6 Kb4 44.
Rg4+ Ka5 45. Rg5+ Kb4 46. Rb5# 1-0

[Event "ICA Players Mem-Res."]
[Site "Boise, ID"]
[Date "2011.05.14"]
[Round "2.1"]
[White "Healy, Michael"]
[Black "Featherston, Scott"]
[Result "1-0"]
[WhiteElo "382"]
[BlackElo "868"]

1. e4 e5 2. Nf3 d6 3. Bc4 h6 4. O-O Be7 5. d3 Bg4 6. Nbd2 Nf6 7. b3 O-O 8. Bb2
a6 9. h3 Bxf3 10. Nxf3 b5 11. Bd5 c6 12. Bxf7+ Rxf7 13. d4 Nxe4 14. dxe5 Ng5
15. Qd4 Nxf3+ 16. gxf3 Rxf3 17. Qg4 Qf8 18. e6 Bg5 19. h4 Bf6 20. Qxf3 Bxb2
21. Qxf8+ Kxf8 22. Rad1 d5 23. Rfe1 Ke7 24. f4 Bf6 25. h5 d4 26. f5 c5 27. Re4
Nc6 28. a3 Ne5 29. Kg2 Rd8 30. a4 Nc6 31. axb5 axb5 32. Ree1 Rd5 33. c3 d3 34.
c4 bxc4 35. bxc4 Rd4 36. Rb1 Rxc4 37. Rb7+ Kd6 38. Rd7# 1-0

[Event "ICA Players Mem-Res."]
[Site "Boise, ID"]
[Date "2011.05.14"]
[Round "3.4"]
[White "Healy, Michael"]
[Black "Abernathy, Michaela R"]
[Result "0-1"]
[WhiteElo "382"]
[BlackElo "1087"]

1. e4 e5 2. Nf3 Nc6 3. b3 d6 4. Bb2 Bg4 5. Be2 Nf6 6. Nc3 d5 7. d3 Bb4 8. O-O
d4 9. Nb5 a6 10. Na3 Qe7 11. Nc4 b5 12. Ncd2 Bxd2 13. Qxd2 O-O 14. Qc1 Nh5 15.
Ba3 b4 16. Bb2 Nf4 17. Qd2 Qf6 18. a3 a5 19. axb4 axb4 20. h3 Bxh3 21. Nxe5
Nxe5 22. Bxd4 Bxg2 23. Bxe5 Qxe5 24. Rxa8 Rxa8 25. Re1 Qg5 26. Bf1 Nh3+ 27.
Kh2 Qxd2 28. Re3 Qxf2 29. Rg3 Bxf1+ 30. Kh1 Qxg3 {#R} 0-1

[Event "ICA Players Mem-Res."]
[Site "Boise, ID"]
[Date "2011.05.15"]
[Round "4.3"]
[White "Barkell, Erica Dawn"]
[Black "Healy, Michael"]
[Result "1-0"]
[WhiteElo "1392"]
[BlackElo "382"]

1. e4 c5 2. Nf3 d6 3. Bc4 e6 4. d3 Nf6 5. Bg5 Be7 6. c3 O-O 7. Nbd2 e5 8. a3
Nc6 9. b4 Qd7 10. h3 a6 11. Nh4 Kh8 12. Nf5 Bd8 13. h4 d5 14. Bxf6 Bxf6 15.
Bxd5 b6 16. Nf3 Rb8 17. Ng5 Ne7 18. Qh5 Bxg5 19. hxg5 Nxf5 20. Qxh7# 1-0

[Event "Sumr Classic (Reserve)"]
[Site "Boise, ID"]
[Date "2011.07.09"]
[Round "1.3"]
[White "Patterson, Kevin R"]
[Black "Healy, Michael"]
[Result "1/2-1/2"]
[WhiteElo "1246"]
[BlackElo "382"]

1. e4 e5 2. Nf3 d6 3. Bc4 Nc6 4. d3 Nf6 5. Nc3 Be7 6. Nd5 Nxd5 7. Bxd5 O-O 8.
Be3 Bf6 9. Qd2 Bd7 10. O-O Qe7 11. a3 Rab8 12. b4 Nd4 13. Nxd4 exd4 14. Bf4 c6
15. Bb3 Rbe8 16. Rfe1 c5 17. Re2 b6 18. Bd5 Bg4 19. f3 Be6 20. Bxe6 Qxe6 21.
Bg3 Qe7 22. Rae1 Be5 23. f4 Bf6 24. e5 dxe5 25. fxe5 Bg5 26. Bf4 Bxf4 27. Qxf4
Qe6 28. Qc1 Rb8 29. c4 Qf5 30. Re4 Qe6 31. b5 Kh8 32. Qf4 Rb7 33. Rf1 Kg8 34.
Qf5 Re7 {#d} 1/2-1/2

[Event "Sumr Classic (Reserve)"]
[Site "Boise, ID"]
[Date "2011.07.09"]
[Round "2.3"]
[White "Healy, Michael"]
[Black "Patterson, Katie Rae"]
[Result "1/2-1/2"]
[WhiteElo "382"]
[BlackElo "941"]

1. e4 e5 2. Nf3 Nc6 3. d3 Nf6 4. Be3 Bd6 5. d4 Nxe4 6. d5 Ne7 7. c4 O-O 8. Bd3
Nc5 9. Bc2 e4 10. Nd4 Be5 11. O-O d6 12. Nc3 Nf5 13. Nxe4 Nxe4 14. Bxe4 Nxd4
15. Bxd4 Bxd4 16. Qxd4 Qg5 17. Qd3 g6 18. b3 Re8 19. Rae1 Bf5 20. Re3 Bxe4 21.
Rxe4 Rxe4 22. Qxe4 Kf8 23. Qd4 Kg8 24. Re1 b6 25. h4 Qf5 26. Qe4 Qxe4 27. Rxe4
Kg7 28. g4 h5 29. gxh5 gxh5 30. f4 f5 31. Re7+ Kf6 32. Rxc7 a5 33. Rc6 Rg8+
34. Kh2 Rg4 35. Rxd6+ Kg7 36. Kh3 Rxf4 37. Re6 Rg4 38. d6 Rd4 39. Re5 Rxd6 40.
Rxf5 Rd2 41. Rxh5 Rxa2 42. Rg5+ Kh6 43. Rg3 a4 44. bxa4 Rxa4 45. Rb3 Rxc4 46.
Rxb6+ Kh5 47. Rb5+ Kh6 48. Rg5 Rc3+ 49. Kg4 Rc4+ 50. Kg3 Rc3+ 51. Kg4 {#d}
1/2-1/2

[Event "Sumr Classic (Reserve)"]
[Site "Boise, ID"]
[Date "2011.07.09"]
[Round "3.3"]
[White "Healy, Michael"]
[Black "Pemsler, Carmen"]
[Result "0-1"]
[WhiteElo "382"]
[BlackElo "1167"]

1. e4 c6 2. d4 d5 3. e5 Bf5 4. Nf3 e6 5. Bd2 c5 6. Be2 Nc6 7. c3 Qb6 8. Qc1
cxd4 9. cxd4 Bb4 10. O-O Nge7 11. Nc3 Nxd4 12. Nxd4 Qxd4 13. Bf4 Rc8 14. Bb5+
Nc6 15. Rd1 Qb6 16. Be3 Qc7 17. f4 a6 18. a3 Bxc3 19. Bd3 Bxd3 20. Rxd3 Ba5
21. Bc5 Bb6 22. Kf1 Ne7 23. b4 Bxc5 24. bxc5 Qxc5 25. Rc3 Qb5+ 26. Kf2 Rxc3
27. Qxc3 O-O 28. a4 Qb6+ 29. Kf3 Rc8 30. Qa3 Qc7 31. Rc1 Qxc1 32. Qxe7 Rc3+
33. Kg4 Qd1+ 34. Kh4 Qe1+ 35. g3 Rc8 36. Qxb7 Rf8 37. Qxa6 h6 38. Qa7 Qe4 39.
a5 g5+ 40. Kg4 Qe2+ 41. Kh3 Rc8 42. Qe7 Qf1+ 43. Kg4 Qa6 44. Qf6 Qe2+ 45. Kh3
Qh5+ 46. Kg2 Rc2+ 47. Kf1 Qe2+ {#R} 0-1

[Event "Sumr Classic (Reserve)"]
[Site "Boise, ID"]
[Date "2011.07.10"]
[Round "5.4"]
[White "VanderSys, Kaleb B"]
[Black "Healy, Michael"]
[Result "0-1"]
[WhiteElo "501"]
[BlackElo "382"]

1. e4 e5 2. Bc4 d6 3. Nf3 Nf6 4. Nc3 c6 5. d3 a6 6. Bg5 Be7 7. O-O b5 8. Bb3
O-O 9. a3 Nbd7 10. Nh4 Nc5 11. Nf5 Bxf5 12. exf5 Nxb3 13. cxb3 d5 14. Bxf6
Bxf6 15. Qg4 Rb8 16. Ne2 Qa5 17. b4 Qa4 18. Ng3 Qc2 19. Nh5 Kh8 20. Rac1 Qxd3
21. Rxc6 Qd4 22. Qg3 Qh4 23. Qxh4 Bxh4 24. Rxa6 f6 25. g3 Bg5 26. f4 Bh6 27.
a4 bxa4 28. Rxa4 e4 29. Rd1 Rfd8 30. Kf2 g6 31. Nxf6 Bf8 32. Nxd5 Rbc8 33. b5
Rc2+ 34. Ke3 gxf5 35. Rb4 Bxb4 36. Nxb4 Rxd1 37. Nxc2 Rb1 38. Kd4 Rxb2 39. Ne3
Rxb5 40. Nxf5 Rxf5 41. Kxe4 Rf6 42. Ke5 Kg7 43. g4 Rh6 44. f5 Kf7 45. f6 Rxh2
46. g5 Rh5 47. Kf5 h6 48. Ke5 Rxg5+ 49. Kd6 h5 50. Kd7 h4 51. Kd8 h3 52. Kc8
h2 53. Kd8 Rc5 54. Kd7 h1=Q 55. Kd8 Qd5# 0-1

[Event "WIO (Reserve)"]
[Site "Boise, ID"]
[Date "2011.12.10"]
[Round "1.2"]
[White "Porth, Adam"]
[Black "Healy, Michael"]
[Result "1-0"]
[WhiteElo "1271"]
[BlackElo "651"]

1. e4 c5 2. Nf3 Nc6 3. c3 a6 4. Bc4 e6 5. O-O Be7 6. d4 cxd4 7. cxd4 Nf6 8. e5
Nd5 9. Nbd2 d6 10. Qa4 O-O 11. Qc2 dxe5 12. dxe5 Qc7 13. Qe4 Rd8 14. Bd3 g6
15. Nc4 Ndb4 16. Be2 b5 17. Ne3 Bb7 18. Ng4 Nd5 19. Bg5 Rd7 20. Rac1 Qd8 21.
Bf6 Rc8 22. a3 Na5 23. Rxc8 Bxc8 24. Ne3 Nb7 25. Nxd5 Rxd5 26. h4 Nc5 27. Qg4
Nd7 28. Bg5 Nxe5 29. Nxe5 Rxe5 30. Rd1 Bd7 31. Bxe7 Qxe7 32. Bf3 Rc5 33. Qb4
Kf8 34. Rxd7 a5 35. Qd4 Rc4 36. Rd8+ Qxd8 37. Qxd8+ Kg7 38. Qxa5 Rc1+ 39. Kh2
Rc4 40. Kg3 f5 41. Qxb5 Rc7 42. Qe5+ Kh6 43. Qxc7 e5 44. a4 e4 45. Bxe4 fxe4
46. Kg4 e3 47. fxe3 g5 48. hxg5+ Kg6 49. Qc6+ Kg7 50. Kf5 Kg8 51. Kf6 h6 52.
Qe8+ Kh7 53. g6# 1-0

[Event "WIO (Reserve)"]
[Site "Boise, ID"]
[Date "2011.12.10"]
[Round "3.3"]
[White "Healy, Michael"]
[Black "Porth, Dylan"]
[Result "1-0"]
[WhiteElo "651"]
[BlackElo "525"]

1. e4 e5 2. Nf3 Nc6 3. b3 d6 4. Nc3 Nf6 5. Bc4 Be7 6. Nd5 Nxd5 7. Bxd5 Nb4 8.
Bc4 d5 9. Nxe5 dxc4 10. Nxc4 Be6 11. Bb2 Bf6 12. a3 Nc6 13. Rb1 Bxc4 14. bxc4
O-O 15. O-O Bxb2 16. Rxb2 b6 17. c3 Qe7 18. Rb5 Qxe4 19. d3 Qe8 20. Rg5 g6 21.
Rg3 Qe5 22. d4 Qf6 23. Qh5 Qg7 24. Qd5 Ne7 25. Qf3 Nf5 26. Rg4 Rfe8 27. Re4
Rxe4 28. Qxe4 Nd6 29. Qxa8+ Qf8 30. Qxa7 c5 31. Qxb6 Nxc4 32. Qa6 Nb2 33. Rb1
Qb8 34. dxc5 h5 35. Qe2 Qf8 36. Rxb2 Kh7 37. Qc4 Kg8 38. Ra2 Qe8 39. Ra1 Kh7
40. c6 Kg8 41. Kf1 Kf8 42. Re1 Qd8 43. Qc5+ Kg8 44. c7 Qc8 45. f3 Kh8 46. Re7
Kg7 47. Qe5+ Kh6 48. Re8 Qd7 49. Rh8# 1-0

[Event "WIO (Reserve)"]
[Site "Boise, ID"]
[Date "2011.12.11"]
[Round "4.3"]
[White "Healy, Michael"]
[Black "Porth, Desmond"]
[Result "1-0"]
[WhiteElo "651"]
[BlackElo "765"]

1. e4 c6 2. Nc3 d5 3. b3 dxe4 4. Nxe4 Bf5 5. Bd3 e6 6. Bb2 Bxe4 7. Bxe4 Nf6 8.
Bf3 a6 9. Ne2 Bc5 10. O-O Nbd7 11. d4 Ba7 12. Ba3 b5 13. Bxc6 Rc8 14. Bf3 Qc7
15. Rc1 Bb8 16. Ng3 a5 17. b4 a4 18. Be2 Qb7 19. Nh5 O-O 20. c4 bxc4 21. Bxc4
Nxh5 22. Qxh5 Nf6 23. Qe2 Qc7 24. g3 Qb6 25. Rfd1 Bd6 26. Rb1 Ng4 27. Bxe6
Nxf2 28. Bxc8 Nxd1 29. Qxd1 Rxc8 30. Qd3 h6 31. Kg2 Qc6+ 32. d5 Qc2+ 33. Qxc2
Rxc2+ 34. Kh3 Rxa2 35. Bc1 Be5 36. b5 Re2 37. b6 Re1 38. b7 a3 39. b8=Q+ Bxb8
40. Rxb8+ Kh7 41. Bxa3 Rd1 42. Rd8 g5 43. d6 Rd2 44. Bc1 Rd4 45. Bb2 Rd3 46.
d7 f5 47. Rh8+ Kg6 48. d8=Q Rxd8 49. Rxd8 f4 50. gxf4 gxf4 51. Kg4 h5+ 52.
Kxf4 Kh6 53. Rd6+ Kh7 54. Ba3 h4 55. Kf5 h3 56. Rd7+ Kg8 57. Kg6 Kh8 58. Rd8#
1-0

[Event "WIO (Reserve)"]
[Site "Boise, ID"]
[Date "2011.12.11"]
[Round "5.3"]
[White "Patterson, Kevin R"]
[Black "Healy, Michael"]
[Result "1-0"]
[WhiteElo "1192"]
[BlackElo "651"]

1. e4 c5 2. d4 cxd4 3. c3 dxc3 4. Nxc3 Nc6 5. Bc4 e6 6. Nf3 a6 7. e5 d6 8.
exd6 Bxd6 9. O-O Nf6 10. Bg5 Be7 11. Re1 O-O 12. Qxd8 Bxd8 13. Rad1 Be7 14.
Ne4 Nxe4 15. Bxe7 Nxe7 16. Rxe4 b5 17. Bb3 Nf5 18. Re2 Bb7 19. Ne5 Nh6 20.
Red2 Rac8 21. h3 g6 22. Nd7 Rfe8 23. Nf6+ Kg7 24. Nxe8+ Rxe8 25. Rd8 Rg8 26.
Rxg8+ Nxg8 27. Rd7 Bc6 28. Ra7 Bd5 29. Rxa6 Bxb3 30. axb3 b4 31. Rb6 Nf6 32.
Rxb4 Nd5 33. Rb7 Kf6 34. b4 Ke5 35. b5 Kd6 36. Rxf7 h5 37. Rg7 Kc5 38. Rxg6
Kxb5 39. Rxe6 Nf4 40. Re5+ Kb6 41. Re4 Nd3 42. f4 Nxb2 43. Rb4+ Kc5 44. Rxb2
Kd6 45. Re2 h4 46. f5 Kd5 47. f6 Kd4 48. f7 Kc3 49. Kf1 Kc4 50. f8=Q Kc3 51.
Qd8 Kb3 52. Qc8 Ka3 53. Re7 {#r} 1-0

[Event "Idaho Closed"]
[Site "Boise, ID"]
[Date "2012.02.18"]
[Round "1.9"]
[White "Stark, Jim"]
[Black "Healy, Michael"]
[Result "1-0"]
[WhiteElo "1655"]
[BlackElo "651"]

1. d4 d5 2. c4 c6 3. Nc3 Nf6 4. Nf3 Bf5 5. e3 Nbd7 6. cxd5 cxd5 7. Qb3 Nb6 8.
Ne5 e6 9. Bb5+ Nfd7 10. Nxd7 Nxd7 11. Qa4 a6 12. Bxd7+ Qxd7 13. Qxd7+ Kxd7 14.
O-O Rc8 15. Bd2 Bb4 16. a3 Bd3 17. axb4 Bxf1 18. Kxf1 f5 19. Na4 Rc2 20. Bc3
Kc6 21. Nc5 Ra8 22. Nxe6 g6 23. Ng5 f4 24. exf4 h6 25. Nf3 Re8 26. Ne5+ Kb5
27. Ra5+ Kb6 28. Rxd5 Ka7 29. Rd6 g5 30. f5 h5 31. f6 Rc8 32. f7 Rc1+ 33. Ke2
Rc2+ 34. Ke3 Rc1 35. Rf6 Rh1 36. h3 Rg1 37. Kf3 g4+ 38. hxg4 hxg4+ 39. Nxg4
Rh1 40. f8=Q Rxf8 41. Rxf8 Rh7 42. Ne5 Rc7 43. Rf7 Rc8 44. d5 a5 45. bxa5 Ka6
46. d6 Rc5 47. d7 Rd5 48. Ke4 b6 49. Kxd5 Kb5 50. d8=Q Ka4 51. Kc6 bxa5 52.
Qd1# 1-0

[Event "Idaho Closed"]
[Site "Boise, ID"]
[Date "2012.02.19"]
[Round "3.11"]
[White "Healy, Michael"]
[Black "Longhurst, Corey K"]
[Result "1/2-1/2"]
[WhiteElo "651"]
[BlackElo "1488"]

1. e4 c5 2. Nf3 d6 3. Nc3 a6 4. d4 cxd4 5. Nxd4 Nf6 6. Be2 g6 7. O-O Bg7 8.
Nd5 Nxe4 9. Bd3 Nxf2 10. Rxf2 Bxd4 11. Ne3 O-O 12. c3 Bg7 13. Qf1 Be6 14. Bc4
Qc8 15. Bd2 Nc6 16. Nd5 Bxd5 17. Bxd5 e6 18. Bf3 Ne5 19. Bg5 Qc5 20. Bd2 Nxf3+
21. gxf3 b5 22. Re1 Qc4 23. b3 Qh4 24. f4 d5 25. Rf3 d4 26. Rh3 Qf6 27. Rc1
Rfd8 28. c4 Qf5 29. Qf3 Rac8 30. Rg3 Rd7 31. Rg5 Qf6 32. c5 h6 33. Rg4 Rd5 34.
c6 Bf8 35. c7 Rc5 36. Rxc5 Bxc5 37. Qb7 d3+ 38. Kg2 Rxc7 39. Qxc7 Qd4 40. Kh3
Qf2 41. Rg2 Qf3+ 42. Rg3 Qh5+ 43. Kg2 Qe2+ 44. Kh3 Qh5+ 45. Kg2 Qe2+ {#d}
1/2-1/2

[Event "Idaho Closed"]
[Site "Boise, ID"]
[Date "2012.02.19"]
[Round "4.10"]
[White "Edvalson, Paul"]
[Black "Healy, Michael"]
[Result "1-0"]
[WhiteElo "1597"]
[BlackElo "651"]

1. Nf3 Nf6 2. g3 Nc6 3. Bg2 e6 4. d3 Bb4+ 5. c3 Ba5 6. O-O Bb6 7. e4 d6 8. Re1
Bd7 9. Nbd2 Qe7 10. Qe2 O-O-O 11. a4 h5 12. b4 a5 13. b5 Ne5 14. Nxe5 dxe5 15.
Nc4 Qc5 16. Ba3 Ng4 17. Bxc5 Bxc5 18. Ne3 f5 19. h3 f4 20. hxg4 fxe3 21. fxe3
h4 22. d4 exd4 23. exd4 Bb6 24. e5 hxg3 25. Qe4 c6 26. c4 Rh2 27. Ra3 Bxd4+
28. Qxd4 Be8 29. Qa7 Rd2 30. Rxg3 Rh8 31. Qa8+ Kc7 32. Qxa5+ Kc8 33. Qxd2 Bd7
34. b6 Rd8 35. Qd6 {#r} 1-0